000 00601nam a22001937a 4500
003 BD-DhJNU
005 20250202054358.0
008 250202b |||||||| |||| 00| 0 eng d
020 _a9789845060479
040 _aBD-DhJNU
_bENG
_cBD-DhJNU
_dBD-DhJNU
082 _223
_a328.095492 AHA
100 _aAhmed, Nizam
245 _aAiding The Parliament of Bangladesh :
_bexperience and prospect /
_cNizam Ahmed
260 _aDhaka :
_bThe University Press,
_c2012.
300 _axxxv, 233p. :
_bill. ;
_c22 cm
504 _aIncludes index
650 _aLegislative bodice Bangladesh
942 _2ddc
_cBK
_n0
999 _c1217
_d1217